Statistics for 2013/14 San Antonio Spurs Roster

Click here to take the quiz!

General Stats

  • This quiz has been taken 244 times
  • The average score is 8 of 14

Answer Stats

Player% Correct
Tim Duncan
100%
Tony Parker
99%
Kawhi Leonard
94%
Manu Ginobili
91%
Danny Green
76%
Tiago Splitter
62%
Patrick Mills
61%
Boris Diaw
57%
Marco Belinelli
46%
Matt Bonner
45%
Aron Baynes
34%
Cory Joseph
32%
Nando De Colo
22%
Jeff Ayres
21%

Score Distribution

Percentile by Number Answered

Percent of People with Each Score

Your Score History

You have not taken this quiz